Planificación y control de obras de construcción
Guardat en:
| Autor principal: | |
|---|---|
| Format: | Llibre |
| Idioma: | espanyol |
| Publicat: |
Madrid
Paraninfo
1988
|
| Matèries: | |
| Etiquetes: |
Afegir etiqueta
Sense etiquetes, Sigues el primer a etiquetar aquest registre!
|
MARC
| LEADER | 00000nam a2200000 a 4500 | ||
|---|---|---|---|
| 001 | UCX3892 | ||
| 003 | CL-VaPUC | ||
| 008 | 920116e19880000SP |||||||||||||||||spa|d | ||
| 082 | 0 | 4 | |a 658.404 |b SAN |2 21 |
| 100 | 0 | |a Santana Larenas, Gerardo |e author |9 320096 | |
| 245 | 1 | 0 | |a Planificación y control de obras de construcción |
| 300 | |a 147 p | ||
| 942 | |c BK | ||
| 945 | |d 19920116 00:00:00 | ||
| 260 | |a Madrid |b Paraninfo |c 1988 | ||
| 650 | 7 | |a CONTROL DE PROYECTOS AUTOMATIZACION |2 CL-VaPUC |9 320097 | |
| 650 | 7 | |a PLANIFICACION |2 CL-VaPUC |9 260802 | |
| 583 | |a last modification |c 19920116 00:00:00 |k Rodrigo Vera | ||
| 999 | |c 224517 |d 224515 | ||
| 952 | |0 0 |1 0 |4 0 |6 658_404000000000000_SAN_1988 |7 0 |8 A |9 221214 |a BIBENE |b BIBENE |d 2019-11-15 |i 2899876 |o 658.404 SAN 1988 |p 2899876 |r 2025-01-15 |w 2019-11-15 |y BK |k ICO | ||